Telecomunicaciones : marco regulatorio /
Guardado en:
| Autor Principal: | |
|---|---|
| Otros Autores: | |
| Formato: | Libro |
| Idioma: | Spanish |
| Publicado: |
Buenos Aires :
El Derecho,
2002.
|
| Edición: | 1a. ed. |
| Materias: | |
| Etiquetas: |
Agregar Etiqueta
Sin Etiquetas, Sea el primero en etiquetar este registro!
|
| LEADER | 00510nam a22001695a 4500 | ||
|---|---|---|---|
| 001 | DER.der014199 | ||
| 008 | 191001s2002####ag############000#0#spa#d | ||
| 005 | 20260225101447.0 | ||
| 245 | 1 | 0 | |a Telecomunicaciones : |b marco regulatorio / |c Claudio Schifer, Ricardo Porto. |
| 250 | |a 1a. ed. | ||
| 260 | |a Buenos Aires : |b El Derecho, |c 2002. | ||
| 300 | |a 350 p. | ||
| 020 | |a 9505232454 | ||
| 100 | 1 | |a Schifer, Claudio. | |
| 700 | 1 | |a Porto, Ricardo. | |
| 650 | 7 | |a TELECOMUNICACIONES | |
| 859 | |a DERECHO |b BIB. DERECHO |h 384.13 |i SCH |p 009445 | ||
